Etnografická muzeológia vznik a vývoj muzeálneho hnutia na Slovensku vo vzťahu k českým krajinám do roku 1945

Bibliographic Details
Main Author: Mruškovič, Štefan, 1932-2016 (Author)
Format: Book
Language:Slovak
PhysicalDescription:104 s. fotogr. 29 cm
Published: Bratislava Univerzita Komenského 1979
Edition:1. vyd.
Series:Vysokoškolské skriptá
Subjects:

MARC

LEADER 00000cam a2200000 a 4500
001 vtls001106795
003 SK-MaSNL
005 20260425221836.0
008 250313s1979 xo o np 000 0 slo
015 |a SNBA1980 
035 |a SNK000049637 
035 |a urn:nbn:sk:snk-aml0we 
035 |a urn:nbn:sk:snk-am008o1j 
035 |a 9213772A-E8F2-467E-9584-6CB603DA282B 
040 |a SNK  |b slo  |c SNK  |e AACR2 
041 0 |a slo 
044 |a xo  |c SK 
080 |a 069.1:39(437.6)"18/1945"(075.8)  |2 1981 
080 |a 39(437.6)"18/1945"(075.8)  |2 1981 
080 |a 39  |2 1981 
080 |a 069.1(437.6)"18/1945"(075.8)  |2 1981 
100 1 |a Mruškovič, Štefan,  |d 1932-2016  |4 aut  |9 161721 
245 1 0 |a Etnografická muzeológia  |b vznik a vývoj muzeálneho hnutia na Slovensku vo vzťahu k českým krajinám do roku 1945  |c Štefan Mruškovič 
250 |a 1. vyd. 
260 |a Bratislava  |b Univerzita Komenského  |c 1979 
300 |a 104 s.  |b fotogr.  |c 29 cm 
366 |e 200 výt. 
490 1 |a Vysokoškolské skriptá 
648 7 |a do r. 1945  |2 SNKPH  |9 279638 
650 0 7 |a muzeológia  |2 SNKPH  |9 26558 
651 7 |a Slovensko  |2 SNKPH  |9 14231 
655 7 |a učebnice vysokých škôl  |2 SNKPH  |9 70191 
830 0 |a Vysokoškolské skriptá  |9 276440 
852 |a Slovenská národná knižnica 
958 |a OND 
999 |c 534799  |d 536729 
952 |t P60, <03>, [BOOK], {603}  |a SNK  |b SNK  |y PREZ  |7 0  |p 17A0058699  |o snkSB 28852  |i snkKSP 6419/79  |0 0  |1 0  |4 0  |d 1997-04-10  |f 1  |l 0  |r 2004-12-31 00:00:00  |w 2026-02-23 
952 |t P60, <04>, [BOOK], {604}  |a SNK  |b SNK  |y VYP  |7 0  |p 17A0077159  |o snkSB 28852 D1  |i snkKSP 6420/79  |0 0  |1 0  |4 0  |d 1997-07-03  |l 0  |r 2004-12-31 00:00:00  |w 2026-02-23